书目信息 |
| 题名: |
大型土木工程项目保险
|
|
| 作者: | ;国际咨询工程师联合会 ;中国工程咨询协会 编译 | |
| 分册: | ||
| 出版信息: | 北京 中国计划出版社 2001.02 |
|
| 页数: | 128页 | |
| 开本: | 20cm | |
| 丛书名: | FIDIC文献译丛 | |
| 单 册: | ||
| 中图分类: | F840.681 | |
| 科图分类: | ||
| 主题词: | 保险 | |
| 电子资源: | ||
| ISBN: | 7-80058-897-1 | |
| 000 | 00850nam0 2200229 45 | |
| 001 | 0253908088 | |
| 005 | 20061213144035.79 | |
| 010 | @a7-80058-897-1@dRMB 30.00 | |
| 100 | @a20020416d2001 km y0chiy0120 ea | |
| 101 | 0 | @achi |
| 102 | @aCN@b110000 | |
| 200 | 1 | @a大型土木工程项目保险@ADa Xing Tu Mu Gong Cheng Xiang Mu Bao Xian@f国际咨询工程师联合会;中国工程咨询协会编译@FGuo Ji Zi Xun Gong Cheng Shi Lian He Hui;Zhong Guo Gong Cheng Zi Xun Xie Hui Bian Yi |
| 210 | @a北京@c中国计划出版社@d2001.02 | |
| 215 | @a128页@d20cm | |
| 225 | 2 | @aFIDIC文献译丛 |
| 410 | 0 | @12001 @aFIDIC文献译丛 |
| 606 | 0 | @a保险 |
| 690 | @aF840.681@v3 | |
| 711 | 0 | @a国际咨询工程师联合会@AGuo Ji Zi Xun Gong Cheng Shi Lian He Hui |
| 712 | 0 | @a中国工程咨询协会@AZhong Guo Gong Cheng Zi Xun Xie Hui@4编译 |
| 801 | 0 | @aCN@bPFT@c20061213 |
| 905 | @a安徽大学@dF840.681@eG893 | |
| 大型土木工程项目保险/国际咨询工程师联合会;中国工程咨询协会编译.-北京:中国计划出版社,2001.02 |
| 128页;20cm.-(FIDIC文献译丛) |
| ISBN 7-80058-897-1:RMB 30.00 |
| ● |
| 相关链接 |
|
|
|
正题名:大型土木工程项目保险
索取号:F840.681/G893
 
预约/预借
| 序号 | 登录号 | 条形码 | 馆藏地/架位号 | 状态 | 备注 |
| 1 | 353810 | 203538109 | 社科库409/409社科库 55排3列2层/ [索取号:F840.681/G893] | 在馆 | |
| 2 | 353811 | 203538118 | 社科库409/409社科库 55排3列2层/ [索取号:F840.681/G893] | 在馆 | |
| 3 | 444303 | 204443030 | 管理学院资料室/ [索取号:F840.681/G893] | 在馆 |